000 01031nac a22003490a 4500
001 PT41312
003 AR-LpoUNG
005 20210201005420.0
008 201001s1998||||sp |||||||||||||||||spa d
020 _a842542075X
_c$21.10
040 _aAR-LpoUNG
_bspa
_eaacr
041 _aspa
044 _asp
082 0 _aR465 975v1
100 1 _aCuervo, Rufino J.
245 1 0 _aDiccionario de construcción y régimen de la lengua castellana :
_btomo primero A-B
250 _a1§ edición
260 _aBarcelona :
_bHerder,
_c1998.
300 _alxvi, 922 p. :
_bil., gráfs.
_a(8
_fVolúmenes)
_3Impreso
490 0 _aDiccionario de construcción y régimen de la lengua castellana
505 0 _aAcompaña Cd-Rom
650 4 _aDICCIONARIOS
650 4 _aETIMOLOGIA
650 4 _aLENGUA ESPAÑOLA
650 4 _aMATERIAL DE REFERENCIA
650 4 _aORTOGRAFIA
650 4 _aTERMINOLOGIA
651 4 _aDOCUMENTOS TEORICOS O METODOLOGICOS
710 2 _aInstituto Caro y Cuervo
905 _a41312
942 _cLSALA
999 _c49485
_d49485